Série Edenovi. Díl 6., Sable Peak : cesta na vrchol /

Závěrečný díl romantické série Edenovi. Vera Gallagherová miluje Matea Edena, který to možná ani netuší...

Uloženo v:
Série:Edenovi, část 6
Hlavní autor: Perry, Devney (Autor)
Další autoři: Ziecinová, Žaneta, 1981- (Autor)
Médium: Kniha
Jazyk:Czech
Vydáno: Praha : Beta, 2026
Vydání:Vydání první
Témata:
Celkem bylo vypůjčeno:0x
Příbuzné jednotky:Z cyklu:: Edenovi
Tagy:
Žádné tagy
LEADER 02535nam a2200457 i 4500
001 106285
003 CZ PrNK
005 20260511110217.0
007 ta
008 260415s2026 xr g 000 f cze
015 |a cnb003750597 
020 |a 9788075937933  |q (vázáno) 
040 |a ABG001  |b cze  |e rda 
041 1 |a cze  |h eng 
072 7 |a 821.111(73)-3  |x Americká próza  |2 Konspekt  |9 25 
080 |a 821.111(73)-31  |2 MRF 
080 |a (0:82-31)-055.2  |2 MRF 
100 1 |a Perry, Devney  |7 xx0272661  |4 aut  |9 114042 
240 1 0 |a Sable peak.  |l Česky 
245 1 0 |a Série Edenovi.  |n Díl 6.,  |p Sable Peak : cesta na vrchol /  |c Devney Perry ; z anglického originálu Sable Peak ... přeložila Žaneta Ziecinová 
246 3 0 |a Sable Peak 
246 3 0 |a Cesta na vrchol 
250 |a Vydání první 
264 1 |a Praha :  |b Beta,  |c 2026 
300 |a 335 stran ;  |c 22 cm 
336 |a text  |b txt  |2 rdacontent 
337 |a bez média  |b n  |2 rdamedia 
338 |a svazek  |b nc  |2 rdacarrier 
520 2 |a Závěrečný díl romantické série Edenovi. Vera Gallagherová miluje Matea Edena, který to možná ani netuší...  |b Vera Gallagherová se snaží dostat svůj život do normálu. Po čtyři roky byl její život všechno, jen ne normální. A na léta předtím raději nevzpomíná vůbec. Zabývat se minulostí bolí. Život je křehký, to ji naučila matka. Někteří by si možná mysleli, že je blázen, když miluje Matea Edena, muže, který jí dosud nevěnoval ani špetku pozornosti. Přesto je Vera rozhodnutá: buď Mateo, nebo nic. Je pohledný. Okouzlující. Vtipný. A svoji rodinu miluje stejně jako ona - celým svým srdcem. Možná si Very nikdy nevšimne. Možná je natolik poznamenaná, natolik zlomená, že se jí nepodaří prožít normální život. Možná jim budou v cestě navždy stát její tajemství. Ona ho však bude vždycky milovat. Ať si to Mateo uvědomí, nebo ne. Nakladatelská anotace. 
546 |a Český text 
655 7 |a americké romány  |7 fd131796  |2 czenas  |9 53403 
655 7 |a romány pro ženy  |7 fd187897  |2 czenas  |9 115 
655 9 |a American fiction  |2 eczenas 
655 9 |a women's novels  |2 eczenas 
700 1 |a Ziecinová, Žaneta,  |d 1981-  |7 xx0243081  |4 trl  |9 112549 
710 2 |a Pavel Dobrovský BETA (firma)  |7 kv2011659700  |4 pbl  |9 117323 
787 0 8 |i Z cyklu:  |t Edenovi  |g 6 
910 |a UOG502 
942 |2 ddc  |c KN 
999 |d 106285 
993 |0 0  |1 421180107009  |2 ddc  |4 0  |7 0  |9 99652  |b 0  |c 107009  |d 2026-05-11  |e 0  |f DOSP  |h 390.00  |i Koupě  |l DOSP  |r 2026-05-13  |t 6  |w 2026-05-11  |y KN  |z BELET  |n